[Event "Toronto Annex op"]
[Site "Toronto"]
[Date "2023.09.02"]
[Round "1"]
[White "Mendes, Aaron Reeve"]
[Black "Zhu, Matthew"]
[Result "1-0"]
[WhiteElo "2250"]
[BlackElo "1982"]
[PlyCount "98"]
[EventDate "2023.09.02"]
[EventType "swiss"]
[EventRounds "6"]
[EventCountry "CAN"]
[SourceTitle "EXT 2024"]
[Source "ChessBase"]
[SourceDate "2023.10.10"]
[SourceVersion "1"]
[SourceVersionDate "2023.10.10"]
[SourceQuality "1"]

1. e4 c5 2. Nf3 d6 3. Bb5+ Bd7 4. Bxd7+ Qxd7 5. 0-0 Nf6 6. Re1 Nc6 7. c3 e6 8. d4 cxd4 9. cxd4 d5 10. e5 Ne4 11. Nbd2 Nxd2 12. Bxd2 Bb4 13. Rc1 Bxd2 14. Qxd2 0-0 15. h4 Rac8 16. h5 h6 17. Rc3 Ne7 18. Ra3 a6 19. Nh4 Rc4 20. Rg3 Kh7 21. b3 Rc6 22. Ree3 f6 23. Rgf3 Nf5 24. Qd3 fxe5 25. Rxe5 Kg8 26. Nxf5 exf5 27. Rfxf5 Rxf5 28. Rxf5 Rc3 29. Rf8+ Kxf8 30. Qxc3 Qe6 31. Qb4+ Ke8 32. Qxb7 Qe1+ 33. Kh2 Qxf2 34. Qc6+ Kf8 35. Qd6+ Ke8 36. Qe5+ Kf8 37. a3 Qh4+ 38. Kg1 Qd8 39. Qf5+ Kg8 40. Qe6+ Kh8 41. Qxa6 Qg5 42. Qc8+ Kh7 43. Qc2+ Kh8 44. Qd1 Qe7 45. Qc1 Qe4 46. Qc3 Qg4 47. a4 Qd1+ 48. Kf2 Qxh5 49. a5 Qf5+ 1-0

[Event "CAN-ch"]
[Site "Toronto"]
[Date "2023.04.06"]
[Round "1"]
[White "Zhu, Matthew"]
[Black "Zhou, Aiden"]
[Result "0-1"]
[WhiteElo "1850"]
[BlackElo "2161"]
[PlyCount "64"]
[EventDate "2023.04.06"]
[EventType "swiss"]
[EventRounds "9"]
[EventCountry "CAN"]
[SourceTitle "CBM 213 Extra"]
[Source "ChessBase"]
[SourceDate "2023.05.31"]
[SourceVersion "1"]
[SourceVersionDate "2023.05.31"]
[SourceQuality "1"]

1. e4 c6 2. d4 d5 3. Nd2 dxe4 4. Nxe4 Nf6 5. Nxf6+ exf6 6. c3 Bd6 7. Bd3 0-0 8. Qc2 Re8+ 9. Ne2 h5 10. 0-0 h4 11. h3 Nd7 12. Be3 Nf8 13. Rad1 Bb8 14. Bc1 Qd6 15. Bf4 Qd5 16. c4 Qa5 17. Bxb8 Rxb8 18. Nc3 b5 19. d5 b4 20. Ne4 cxd5 21. cxd5 Rd8 22. Qc4 Nd7 23. Rfe1 Qb6 24. d6 Ne5 25. Nxf6+ gxf6 26. Qxh4 Rxd6 27. Qh6 f5 28. Qh5 Rh6 29. Qg5+ Rg6 30. Qh5 Bb7 31. g4 Nf3+ 32. Kf1 Rg5 0-1

[Event "Wch U12"]
[Site "Weifang"]
[Date "2019.08.21"]
[Round "1"]
[White "Zhu, Matthew"]
[Black "Milikow, Elie"]
[Result "0-1"]
[WhiteElo "1539"]
[BlackElo "2134"]
[PlyCount "50"]
[EventDate "2019.08.21"]
[EventType "swiss"]
[EventRounds "11"]
[EventCountry "CHN"]
[SourceTitle "EXT 2020"]
[Source "ChessBase"]
[SourceDate "2019.10.17"]
[SourceVersion "1"]
[SourceVersionDate "2019.10.17"]
[SourceQuality "1"]

1. e4 c5 2. Nf3 Nc6 3. d4 cxd4 4. Nxd4 Nf6 5. Nc3 e5 6. Nxc6 bxc6 7. Bc4 h6 8. 0-0 Bc5 9. Qe2 0-0 10. Be3 Bb4 11. Bd2 Rb8 12. a3 Ba5 13. b4 Bc7 14. Rfd1 d5 15. exd5 cxd5 16. Be3 d4 17. Nb5 Bb6 18. a4 a6 19. Na3 Qe7 20. Bd2 Bg4 21. Qe1 Bxd1 22. Rxd1 e4 23. a5 Ba7 24. b5 axb5 25. Bxb5 Ng4 0-1

[Event "Ottawa Eastern Ontario op"]
[Site "Ottawa"]
[Date "2019.06.16"]
[Round "4.9"]
[White "Molnar, Jozsef"]
[Black "Zhu, Matthew"]
[Result "1-0"]
[WhiteElo "2106"]
[BlackElo "1894"]
[PlyCount "89"]
[EventDate "2019.06.14"]
[EventType "swiss"]
[EventRounds "5"]
[EventCountry "CAN"]
[SourceTitle "EXT 2022"]
[Source "ChessBase"]
[SourceDate "2021.10.06"]
[SourceVersion "1"]
[SourceVersionDate "2021.10.06"]
[SourceQuality "1"]

1. e4 c5 2. Nf3 d6 3. Be2 Nf6 4. c3 Nc6 5. d4 cxd4 6. cxd4 e6 7. Nc3 Be7 8. 0-0 0-0 9. Bf4 a6 10. d5 exd5 11. exd5 Nb8 12. a4 Bf5 13. Nd4 Bg6 14. Bd3 Qa5 15. Nf5 Bxf5 16. Bxf5 Nbd7 17. Re1 Rfe8 18. Qd4 Qb6 19. Qd2 Nc5 20. Qd4 Ncd7 21. Qxb6 Nxb6 22. Rad1 Nh5 23. Bc1 g6 24. Bh3 Bf6 25. Ne4 Be7 26. b3 Nf6 27. Nc3 Bf8 28. Be3 Nbd7 29. Kf1 Rac8 30. Bd4 Rxe1+ 31. Rxe1 Rc7 32. Bxd7 Nxd7 33. Re8 Nc5 34. b4 Nd3 35. Ne4 f5 36. Nxd6 Nf4 37. Be3 Nh5 38. Rb8 Nf6 39. Nxb7 Nd7 40. d6 Rc6 41. Rd8 Ne5 42. Bh6 Nd7 43. Bxf8 Nxf8 44. d7 Kf7 45. Rxf8+ 1-0

[Event "Kingston Easter U2200"]
[Site "Kingston"]
[Date "2019.04.22"]
[Round "8.22"]
[White "England, Max"]
[Black "Zhu, Matthew"]
[Result "1-0"]
[WhiteElo "2021"]
[BlackElo "1892"]
[PlyCount "77"]
[EventDate "2019.04.18"]
[EventType "swiss"]
[EventRounds "9"]
[EventCountry "CAN"]
[SourceTitle "EXT 2022"]
[Source "ChessBase"]
[SourceDate "2021.10.06"]
[SourceVersion "1"]
[SourceVersionDate "2021.10.06"]
[SourceQuality "1"]

1. e4 c5 2. d4 cxd4 3. c3 dxc3 4. Nxc3 Nc6 5. Nf3 d6 6. Bc4 e6 7. 0-0 Nf6 8. Qe2 Be7 9. Rd1 0-0 10. e5 Ne8 11. exd6 Bxd6 12. Nb5 Qe7 13. Bg5 f6 14. Be3 Bb8 15. Rac1 b6 16. Bb3 Bb7 17. Bc5 bxc5 18. Bxe6+ Kh8 19. Rd7 Qxd7 20. Bxd7 Nc7 21. Rxc5 Nxb5 22. Qxb5 Nd8 23. Nd4 a6 24. Qd3 g6 25. h4 Rf7 26. Ne6 Ba7 27. Rc1 Nxe6 28. Bxe6 Re7 29. Qb3 Rae8 30. Bd5 Re1+ 31. Rxe1 Rxe1+ 32. Kh2 Bxd5 33. Qxd5 Bxf2 34. Qf7 Bc5 35. Qxf6+ Kg8 36. Qd8+ Bf8 37. Qd5+ Kg7 38. Qd4+ Kg8 39. Qc4+ 1-0

[Event "Kingston Easter U2200"]
[Site "Kingston"]
[Date "2019.04.22"]
[Round "9.22"]
[White "Xu, Daniel"]
[Black "Zhu, Matthew"]
[Result "1-0"]
[WhiteElo "2081"]
[BlackElo "1892"]
[PlyCount "101"]
[EventDate "2019.04.18"]
[EventType "swiss"]
[EventRounds "9"]
[EventCountry "CAN"]
[SourceTitle "EXT 2022"]
[Source "ChessBase"]
[SourceDate "2021.10.06"]
[SourceVersion "1"]
[SourceVersionDate "2021.10.06"]
[SourceQuality "1"]

1. d4 d5 2. c4 c6 3. Nf3 Nf6 4. Nc3 dxc4 5. a4 Bf5 6. e3 e6 7. Bxc4 Bb4 8. 0-0 0-0 9. Qe2 Bg6 10. Ne5 Nbd7 11. Nxg6 hxg6 12. Rd1 Qc7 13. e4 e5 14. Be3 Bxc3 15. bxc3 Nxe4 16. Qg4 Nef6 17. Qxg6 Nd5 18. Bxd5 cxd5 19. Qg3 Rfd8 20. Bh6 g6 21. Re1 Re8 22. Re3 Rac8 23. Rae1 e4 24. Qh4 Qb6 25. Bg5 f6 26. Rh3 fxg5 27. Qh7+ Kf8 28. Qxd7 Qf6 29. Qxd5 g4 30. Rhe3 Re7 31. Rxe4 Rf7 32. Rf1 Rxc3 33. Qe5 Qxe5 34. dxe5 Rf5 35. e6 Ke7 36. Rxg4 Rf6 37. Re1 Rxe6 38. Rxe6+ Kxe6 39. h4 Kf5 40. Rg5+ Kf6 41. Rb5 b6 42. a5 Rc6 43. axb6 axb6 44. h5 g5 45. g4 Rc1+ 46. Kg2 Rc6 47. Rf5+ Kg7 48. Rxg5+ Kh6 49. Rg6+ Rxg6 50. hxg6 Kxg6 51. f4 1-0

[Event "Kingston Easter U2200"]
[Site "Kingston"]
[Date "2019.04.20"]
[Round "4.23"]
[White "Zhu, Matthew"]
[Black "Donev, Danail"]
[Result "1/2-1/2"]
[WhiteElo "1892"]
[BlackElo "2007"]
[PlyCount "52"]
[EventDate "2019.04.18"]
[EventType "swiss"]
[EventRounds "9"]
[EventCountry "CAN"]
[SourceTitle "EXT 2022"]
[Source "ChessBase"]
[SourceDate "2021.10.06"]
[SourceVersion "1"]
[SourceVersionDate "2021.10.06"]
[SourceQuality "1"]

1. e4 c5 2. Nf3 d6 3. d4 cxd4 4. Nxd4 Nf6 5. Nc3 a6 6. Be2 e5 7. Nb3 Be7 8. 0-0 0-0 9. Be3 Be6 10. Qd2 Nbd7 11. a4 Rc8 12. a5 Qc7 13. Rfd1 Rfd8 14. Qe1 d5 15. exd5 Bf5 16. Rac1 Bb4 17. Bd2 Nc5 18. Nxc5 Qxc5 19. Ne4 Bxd2 20. Nxf6+ gxf6 21. Rxd2 Rxd5 22. b4 Qd6 23. Rxd5 Qxd5 24. c4 Qe4 25. Bf1 Qxe1 26. Rxe1 Be6 1/2-1/2

[Event "CAN-ch U10"]
[Site "Sault Ste Marie"]
[Date "2017.07.07"]
[Round "3"]
[White "Wang, Daniel1111"]
[Black "Zhu, Matthew"]
[Result "0-1"]
[WhiteElo "980"]
[BlackElo "1318"]
[PlyCount "94"]
[EventDate "2017.07.06"]
[EventType "swiss"]
[EventRounds "7"]
[EventCountry "CAN"]
[SourceTitle "EXT 2022"]
[Source "ChessBase"]
[SourceDate "2021.10.06"]
[SourceVersion "1"]
[SourceVersionDate "2021.10.06"]
[SourceQuality "1"]

1. e4 c5 2. c3 Nf6 3. e5 Nd5 4. d4 cxd4 5. cxd4 Nc6 6. Nf3 d6 7. Qe2 dxe5 8. dxe5 Bg4 9. h3 Bxf3 10. gxf3 e6 11. Bg2 Bb4+ 12. Bd2 Bxd2+ 13. Nxd2 Nf4 14. Qf1 Qg5 15. Rg1 Qxe5+ 16. Ne4 f5 17. Qc4 fxe4 18. fxe4 Qxb2 19. Rd1 Qb4+ 20. Qxb4 Nxb4 21. a3 Nc2+ 22. Kf1 0-0 23. Rd7 Ne3+ 24. fxe3 Nxh3+ 25. Ke1 Nxg1 26. e5 Nf3+ 27. Bxf3 Rxf3 28. Ke2 Rf5 29. Rxb7 Rxe5 30. Re7 h5 31. Kf3 g5 32. Rc7 h4 33. Rc1 Rb8 34. Rg1 Rb3 35. Re1 Rxa3 36. Kf2 g4 37. Rg1 g3+ 38. Kg2 Rexe3 39. Kh3 Re4 40. Rg2 a5 41. Rg1 a4 42. Rg2 Rae3 43. Ra2 Re2 44. Rxe2 Rxe2 45. Kg4 g2 46. Kxh4 g1Q 47. Kh3 Rh2# 0-1

[Event "CAN-ch U10"]
[Site "Sault Ste Marie"]
[Date "2017.07.06"]
[Round "2"]
[White "Zhu, Matthew"]
[Black "Ning, Eric"]
[Result "0-1"]
[WhiteElo "1318"]
[BlackElo "1922"]
[PlyCount "34"]
[EventDate "2017.07.06"]
[EventType "swiss"]
[EventRounds "7"]
[EventCountry "CAN"]
[SourceTitle "EXT 2022"]
[Source "ChessBase"]
[SourceDate "2021.10.06"]
[SourceVersion "1"]
[SourceVersionDate "2021.10.06"]
[SourceQuality "1"]

1. e4 c5 2. Nf3 Nc6 3. d4 cxd4 4. Nxd4 g6 5. Nc3 Bg7 6. Be3 Nf6 7. f3 0-0 8. Qd2 d5 9. Nxc6 bxc6 10. 0-0-0 Rb8 11. Bxa7 Rb7 12. Be3 Qa5 13. a3 Be6 14. Qe1 dxe4 15. fxe4 Nxe4 16. Bd2 Nxd2 17. Qxd2 Rxb2 0-1

[Event "CAN-ch U08"]
[Site "Windsor"]
[Date "2015.07.07"]
[Round "3.133"]
[White "Zhu, Matthew"]
[Black "Zhang, Henry Xianrui"]
[Result "1-0"]
[WhiteElo "917"]
[BlackElo "1067"]
[PlyCount "95"]
[EventDate "2015.07.06"]
[EventType "swiss"]
[EventRounds "7"]
[EventCountry "CAN"]
[SourceTitle "EXT 2022"]
[Source "ChessBase"]
[SourceDate "2021.10.06"]
[SourceVersion "1"]
[SourceVersionDate "2021.10.06"]
[SourceQuality "1"]

1. e4 c5 2. Nf3 Nc6 3. d4 cxd4 4. Nxd4 Nf6 5. Nc3 e5 6. Ndb5 d6 7. Bg5 a6 8. Na3 b5 9. Bxf6 Qxf6 10. Nd5 Qd8 11. Bd3 Be6 12. 0-0 g6 13. c3 Bg7 14. Re1 0-0 15. Qe2 f5 16. Rad1 Qg5 17. Nc7 fxe4 18. Bxe4 Bg4 19. Qd2 Bxd1 20. Qxg5 Bh5 21. Nxa8 Rxa8 22. Bxc6 Rf8 23. Bd5+ Kh8 24. Bb7 Bf6 25. Qd2 Rd8 26. Bxa6 d5 27. Nxb5 Ra8 28. Bb7 Rxa2 29. Bxd5 Ra6 30. h3 g5 31. g4 Bg6 32. Bc4 Rc6 33. Nd6 Be7 34. Nf5 Bxf5 35. gxf5 Rxc4 36. Rxe5 Rc7 37. b4 Bf6 38. Rc5 Rb7 39. Rc6 Kg7 40. c4 Be7 41. b5 Bd8 42. Qxd8 Rf7 43. Rc7 h6 44. Rxf7+ Kxf7 45. b6 Kg7 46. b7 g4 47. b8Q Kf7 48. Qbc7# 1-0

[Event "CAN-ch U08"]
[Site "Windsor"]
[Date "2015.07.06"]
[Round "1.126"]
[White "Zhu, Matthew"]
[Black "Dinatolo, Zack"]
[Result "0-1"]
[WhiteElo "917"]
[BlackElo "1205"]
[PlyCount "70"]
[EventDate "2015.07.06"]
[EventType "swiss"]
[EventRounds "7"]
[EventCountry "CAN"]
[SourceTitle "EXT 2022"]
[Source "ChessBase"]
[SourceDate "2021.10.06"]
[SourceVersion "1"]
[SourceVersionDate "2021.10.06"]
[SourceQuality "1"]

1. e4 e5 2. Nf3 Nc6 3. Bc4 Nf6 4. Ng5 d5 5. exd5 Na5 6. Bb5+ Bd7 7. Nc3 Bxb5 8. Nxb5 a6 9. Nc3 Nxd5 10. Nxd5 Qxd5 11. 0-0 Be7 12. Nf3 e4 13. b4 exf3 14. bxa5 fxg2 15. Re1 Qd7 16. Ba3 0-0 17. Rxe7 Qa4 18. Re3 Qxa5 19. Bxf8 Rxf8 20. Rg3 f5 21. Rxg2 Qe5 22. Rb1 Re8 23. Qf1 b6 24. Re1 Qxe1 25. Kh1 Qxf1+ 26. Rg1 Qxf2 27. d4 Re1 28. Rxe1 Qxe1+ 29. Kg2 f4 30. d5 Qe2+ 31. Kh3 f3 32. Kh4 f2 33. Kg5 f1Q 34. Kh4 Qf4+ 35. Kh3 Qef3# 0-1